Archaizm czy regionalizm? - Statystyki

Ogólne statystyki
  • Ten quiz został rozwiązany 131 razy
  • Średni wynik to 12 z 20
Statystyki odpowiedzi
Zagadnienie Odpowiedź % Poprawnych
Zawżdy Archaizm
81%
Dziołcha Regionalizm
78%
Azali Archaizm
76%
Tubajfor Regionalizm
73%
Kaj Regionalizm
71%
Jeno Archaizm
70%
Futrować Regionalizm
69%
Wuchta Regionalizm
66%
Dekówka Regionalizm
65%
Opoczysty Archaizm
64%
Kędy Archaizm
63%
Smrek Regionalizm
59%
Świekra Archaizm
57%
Lelak Regionalizm
56%
Jucha Archaizm
55%
Skowyr Regionalizm
48%
Podlesiedlnik Archaizm
46%
Paszenog Archaizm
36%
Niewiada Regionalizm
32%
Skot Archaizm
29%
Nie znaleziono quizów pasujących do podanych kryteriów
Rozkład punktacji
Procent ludzi z każdym wynikiem
Percentyl według liczby udzielonych odpowiedzi
Twoja historia wyników
Nie rozwiązałeś tego quizu